Don Toliver - Wszystkie albumy - Statystyki

Ogólne statystyki
  • Ten quiz został rozwiązany 17 razy
    6 od ostatniego zresetowania
  • Średni wynik to 6 z 8
Statystyki odpowiedzi
Hint Odpowiedź % Poprawnych
2026 OCTANE
100%
2024 HARDSTONE PSYCHO
83%
2020 Heaven Or Hell
83%
2019 JACKBOYS
67%
2025 JACKBOYS 2
67%
2021 Life of a DON
67%
2023 Love Sick
67%
2018 Donny Womack
50%
Nie znaleziono quizów pasujących do podanych kryteriów
Rozkład punktacji
Procent ludzi z każdym wynikiem
Percentyl według liczby udzielonych odpowiedzi
Twoja historia wyników
Nie rozwiązałeś tego quizu od ostatniego zresetowania